El desgobierno judicial

Furkejuvvon:
Bibliográfalaš dieđut
Váldodahkki: Nieto García, Alejandro (autor)
Materiálatiipa: Girji
Giella:espánnjágiella
Almmustuhtton: Madrid Editorial Trotta 2005
Preanttus:3a. ed
Ráidu:Colección Estructuras y Procesos. Serie Derecho
Fáttát:
Fáddágilkorat: Lasit fáddágilkoriid
Eai fáddágilkorat, Lasit vuosttaš fáddágilkora!

MARC

LEADER 00000cam a2200000 a 4500
001 UCC0722
003 CL-VaPUC
008 170825e20050000sp |||||||||||||||||spa|d
020 |a 9788481647655 
082 0 4 |a 347.01  |b NIE  |2 21 
100 |a Nieto García, Alejandro  |e autor  |9 875856 
245 1 3 |a El desgobierno judicial 
250 |a 3a. ed 
300 |a 301 p 
942 |c BK 
945 |d 20170825 13:52:00  |a arojas 
260 |a Madrid  |b Editorial Trotta  |c 2005 
650 0 |a Administración de justicia  |9 382749 
650 0 |a Poder judicial  |9 254871 
650 0 |a Jueces  |9 256162 
583 |a last modification  |c 20170825 13:52:00  |k Rodrigo Vera 
490 0 |a Colección Estructuras y Procesos. Serie Derecho 
999 |c 369474  |d 369472 
952 |0 0  |1 0  |3 erb  |4 0  |6 347_010000000000000_NIE_2005  |7 0  |8 A  |9 485287  |a BIBDER  |b BIBDER  |i 5418801  |o 347.01 NIE 2005  |p 5418801  |r 2023-01-25  |w 2019-11-24  |y BK  |z Catalogado en:20170825  |k DER